Responses for Show #6284 - Thursday, January 5, 2012

Dave Leach game 6.

Contestants

[<< previous game]

Amy Ludwig, a copywriter from Los Angeles, California

Mark Rupp, a stay-at-home dad from Indianapolis, Indiana

Dave Leach, a software analyst from Atlanta, Georgia (whose 5-day cash winnings total $78,054)

[next game >>]

Jeopardy! Round responses

QUOTATIONS
EMMY-WINNING TV
I'M JUST TALKIN' ABOUT "SHIFT"
HOW DO YOU...
ARMY STRONG
HIGHLY EDIBLE
    $200 17
Dante

Mark
    $200 13
Hill Street Blues

Dave
    $200 1
stick shift

Dave
    $200 11
propose marriage

Mark
    $200 23
Australia

Dave
    $200 6
cheese

Dave
    $400 19
temptation

Amy
    $400 18
Family Ties

Dave
    $400 2
the graveyard shift

Dave
    $400 12
(Dave: What is prevent frostbite?)
(Mark: What is prevent hypothermia?)
(Amy: What is defrost?)

treat frostbite

DaveMarkAmy
Triple Stumper
    $400 24
(Dave: What is Palestine?)

China

Dave
Triple Stumper
    $400 7
onion rings

Dave
    $600 20
religion

Dave
    $600 28
Survivor

Dave
    $600 3
The Late Shift

Dave
    $600 14
play Guitar Hero

Dave
    $600 25
Switzerland

Amy
    $600 8
ahi tuna

Amy
    $800 21
desperation

Dave
    $800 29
Mad Men

Mark
    $800 4
shape-shifter

Mark
    $800 15
make a wine spritzer

Amy
    $1,500 26
North Korea

Amy
    $800 9
truffles

Dave
    $1000 22
facts

Dave
    $1000 30
(Mark: What is Dancing with the Stars?)

So You Think You Can Dance

MarkAmy
    $1000 5
makeshift

Dave
    $1000 16
do an IPO

Dave
    $1000 27
(Amy: What is Iraq?)

Afghanistan

DaveAmy
    $1000 10
groats

Amy

Scores at the first commercial break (after clue 15):

Dave Mark Amy
$4,000 $600 $2,000

Scores at the end of the Jeopardy! Round:

Dave Mark Amy
$9,200 $600 $4,500

Double Jeopardy! Round responses

BIBLICAL ART
NICKEL & DIMED
4-LETTER WORDS
SCIENTIFIC SOUTH AMERICAN
"MAN"LY MOVIES
HIGHLY OEDIPAL
    $400 24
David

Mark
    $400 1
(Alex: The March of Dimes was his favorite charity.)

FDR

Dave
    $400 2
a flap

Dave
    $400 21
malaria

Dave
    $400 8
Iron Man

Mark
    $400 15
France

Mark
    $800 25
the Cross

Dave
    $800 7
an Indian nickel

Dave
    $800 3
a flat

Dave
    $800 22
a rocket

Amy
    $800 9
Man of La Mancha

Dave
    $800 17
Family

Dave
    $1200 26
Abraham

Amy
    $1200 13
a half dime

Dave
    $1200 4
a flan

Dave
    $1200 23
Alzheimer's

Dave
    $1200 10
Cinderella Man

Dave
    $1200 18
(Dave: Who is Harding?)

(Nancy) Kerrigan

DaveAmy
    $1600 27
Saul (or Saint Paul)

Dave
    $4,000 14
(Dave: What is the Jefferson Memorial?)

Monticello

Dave
    $1600 5
flab

Dave
    $1600 28
slavery

Mark
    $1600 11
The Elephant Man

Mark
    $3,000 19
(Amy: Who is Trenton?)

Benjamin Franklin

Amy
    $2000 29
Isaac

Mark
    $2000 16
fascism

Amy
    $2000 6
flaw

Mark
    $2000 30
ethanol

Amy
    $2000 12
The Omega Man

Amy
    $2000 20
(Amy: Who is Nero?)

Commodus

DaveAmy

Scores at the end of the Double Jeopardy! Round:

Dave Mark Amy
$19,200 $9,000 $8,700
(lock game)

[wagering suggestions for these scores]

Final Jeopardy! Round responses

CALIFORNIA HISTORY
(Alex: [To Amy] The gold was discovered at [*]'s Mill.)
AmyWhat is Sutter?
$7,500
MarkWhat is Monteray?
$7,000
DaveWhat is Sutter?
$800
Sutter

Final scores:

Dave Mark Amy
$20,000 $2,000 $16,200
6-day champion: $98,054 3rd place: $1,000 2nd place: $2,000

Game dynamics:

Coryat scores:

Dave Mark Amy
$23,200 $9,000 $11,000
32 R,
4 W
(including 1 DD)
11 R,
2 W
13 R
(including 1 DD),
4 W
(including 1 DD)

Combined Coryat: $43,200

[game clues] [game scores] [suggest correction]

Game tape date: 2011-11-02
The J! Archive is created by fans, for fans. Scraping, republication, monetization, and malicious use prohibited; this site may use cookies and collect identifying information. See terms. The Jeopardy! game show and all elements thereof, including but not limited to copyright and trademark thereto, are the property of Jeopardy Productions, Inc. and are protected under law. This website is not affiliated with, sponsored by, or operated by Jeopardy Productions, Inc. Join the discussion at JBoard.tv.